St.Louis Cardinals Opening day starting lineup 2022-2023 - Statistics

General Stats
  • This quiz has been taken 46 times
  • The average score is 8 of 16
Answer Stats
Hint Answer % Correct
1B Paul Goldschmidt
97%
3B Nolan Arenado
92%
C Willson Contreras
84%
SS Tommy Edman
79%
CP Ryan Helsley
66%
LF Lars Nootbaar
63%
SP Miles Mikolas
63%
RF Jordan Walker
61%
2B Brendan Donovan
58%
DH Nolan Gorman
45%
CF Tyler O'Neill
39%
PH/C Andrew Knizner
26%
RP Jordan Hicks
16%
RP Andre Pallante
8%
RP Zach Thompson
8%
RP Drew Verhagen
3%
No matching quizzes found
Score Distribution
Percent of People with Each Score
Percentile by Number Answered
Your Score History
You have not taken this quiz